La generosidad del indígena : dones de las Américas al mundo /

Kaydedildi:
Detaylı Bibliyografya
Yazar: Côté, Louise (autor)
Diğer Yazarlar: Tardivel, Louise (autor) (autor), Vaugeois, Denis (autor) (autor)
Materyal Türü: Kitap
Dil:İspanyolca
Baskı/Yayın Bilgisi: México : Fondo de Cultura Económica, 2003, c2003
Seri Bilgileri:(Tezontle)
Konular:
Etiketler: Etiketle
Etiket eklenmemiş, İlk siz ekleyin!

MARC

LEADER 00000nam^a2200000^a^4500
001 000163325
005 20250521000000.0
009 20260310100904.486
020 |a 968-16-7115-5 
037 |a Acervo ITESO - Biblioteca 
041 |a ESP 
082 |a 467. 03  |b COT 
100 |a Côté, Louise  |e (autor) 
245 1 3 |a La generosidad del indígena :  |b dones de las Américas al mundo /  |c L. Côté, L. Tardivel, D. Vaugeois ; adaptación y tr. por Socorro Arias. 
264 4 |a México :  |b Fondo de Cultura Económica,  |c 2003, c2003 
300 |a 273 p. 
336 |a texto  |b txt  |2 rdacontenido 
337 |a sin mediación  |b n  |2 rdamedio 
338 |a volumen  |b nc  |2 rdasoporte 
440 1 |a (Tezontle) 
500 |a Traducción de: L'indien généreux. Ce que le monde doit aux Amériques 
649 |a XX 
650 |a Palabras Extranjeras 
650 |a Español 
650 |a Lenguas Romances 
650 |a Lenguas Indo-Europeas 
650 |a Lenguas Indígenas 
650 |a Lenguaje y Lenguas 
650 |a Etimologías 
650 |a Lexicología 
650 |a Lingüística 
700 |a Tardivel, Louise  |e (autor) 
700 |a Vaugeois, Denis  |e (autor) 
910 |a Fondo General 
920 |a Impresos - Libros 
930 |a Colección General 
905 |a 101 
901 |a 0500096304  |b IT1  |c ACC  |u 20250521 
902 |a https://opac.biblio.iteso.mx/vufind/Record/000163325